Life of Muhammad; a translation of Ibn Ishaq's Sirat Rasul Allah (Record no. 304041)

000 -LEADER
fixed length control field 00235 a2200085 4500
001 - CONTROL NUMBER
control field 68968
090 ## - LOCALLY ASSIGNED LC-TYPE CALL NUMBER (OCLC); LOCAL CALL NUMBER (RLIN)
-- 38668
-- 38668
245 ## - TITLE STATEMENT
Title Life of Muhammad; a translation of Ibn Ishaq's Sirat Rasul Allah
260 ## - PUBLICATION, DISTRIBUTION, ETC.
Place of publication, distribution, etc. Karachi
Name of publisher, distributor, etc. Oxford Universitry Press
Date of publication, distribution, etc. 2007
942 ## - ADDED ENTRY ELEMENTS (KOHA)
Institution code [OBSOLETE] NUST-CAE
Holdings
Withdrawn status Lost status Damaged status Not for loan Collection code Permanent Location Current Location Date acquired Total Checkouts Barcode Date last seen Price effective from Koha item type
          College of Aeronautical Engineering (CAE) College of Aeronautical Engineering (CAE) 04/03/2017   CAE79624 04/05/2017 04/05/2017 Book
© 2023 Central Library, National University of Sciences and Technology. All Rights Reserved.